| 000 | 02265nam a2200313Ia 4500 | ||
|---|---|---|---|
| 999 |
_c34557 _d34557 |
||
| 001 | 317 | ||
| 003 | GE_BSU | ||
| 005 | 20200121163552.0 | ||
| 008 | 181216s2009||||ge |||||||||||||| ||geo|| | ||
| 020 | _a9992863803 | ||
| 040 | _cGE_BSU | ||
| 041 | _ageo | ||
| 080 | _a615.03(075.8) თ-86 | ||
| 100 |
_aთურმანაული, გიორგი _96284 |
||
| 245 |
_aკლინიკური ფარმაკოლოგია სამკურნალო მცენარეების თემატური ფიტო-პრეპარატებით : _bსახელმძღვ. პრაქტიკოსი ექიმებისთვის და სტუდენტი-მედიკოსებისათვის / _cაკად. გიორგი (გივი) თურმანაული ; [მთ. რედ.: ნიკოლოზ გონგაძე ; მეცნ. რედ.: გიორგი ქავთარაძე, მაია ოკუჯავა, კახი ბაკურიძე ; რედ.: ლუიზა გაბუნია და მანანა გოგოლაური]. |
||
| 264 |
_aთბილისი _b "ცის ნამის" გამ-ბა , _c2009. |
||
| 300 |
_a842 გვ.: _bილუსტრ.; _c25 სმ. |
||
| 501 | _a საძ.: გვ. 827-837. | ||
| 653 | _aკლინიკური ფარმაკოლოგია | ||
| 653 | _aმცენარეული წარმოშობის პრეპარატები | ||
| 700 |
_aგონგაძე, ნიკოლოზ _eრედაქტორი _93187 |
||
| 700 |
_a ქავთარაძე, გიორგი _eრედაქტორი _96285 |
||
| 700 |
_a ოკუჯავა, მაია _eრედაქტორი _96286 |
||
| 700 |
_aბაკურიძე, კახი _eრედაქტორი _96287 |
||
| 700 |
_a გაბუნია, ლუიზა _eრედაქტორი _96288 |
||
| 700 |
_a გოგოლაური, მანანა _eრედაქტორი _96289 |
||
| 710 |
_aთსსუ-ს სამედ. ფარმაკოლ. დეპარტამენტი _96290 |
||
| 942 |
_cBK _2udc |
||